[Event "4NCL-9899A HH-SL"]
[Site "Rd10-Birmingham"]
[Date "1999.05.02"]
[Round "10.4"]
[White "Wells, Peter"]
[Black "Tozer, Richard"]
[Result "1-0"]
[WhiteElo "2492"]
[BlackElo "2305"]
[PlyCount "79"]
[EventDate "1999.05.02"]

1. d4 f5 2. g3 Nf6 3. Bg2 g6 4. Nf3 Bg7 5. O-O O-O 6. c4 d6 7. Nc3 Qe8 8. Nd5
Nxd5 9. cxd5 Qb5 10. Ng5 c6 11. a4 Qb6 12. a5 Qxd4 13. Qb3 c5 14. Ne6 Bxe6 15.
dxe6 Nc6 16. Qxb7 Nb4 17. Qxe7 Rae8 18. Qd7 Qe5 19. Bf4 Qxe6 20. Qxd6 g5 21.
Qxe6+ Rxe6 22. Be3 Bd4 23. Ra3 Bxe3 24. fxe3 Kg7 25. Rc3 Re5 26. Rfc1 Rc8 27.
Rc4 Na2 28. R1c2 Rb8 29. Rxc5 Rxc5 30. Rxc5 Rxb2 31. Rxf5 h6 32. Rc5 Rxe2 33.
Rc7+ Kf6 34. Rxa7 Nc3 35. a6 Nd1 36. Rh7 Nxe3 37. Bf3 Ra2 38. a7 Kg6 39. Be4+
Kh5 40. a8=Q 1-0

[Event "4NCL-9899A HH-SL"]
[Site "Rd10-Birmingham"]
[Date "1999.05.02"]
[Round "10.5"]
[White "Mortazavi, Ali"]
[Black "McNab, Colin"]
[Result "1/2-1/2"]
[WhiteElo "2380"]
[BlackElo "2428"]
[PlyCount "60"]
[EventDate "1999.05.02"]

1. e4 g6 2. Nc3 c6 3. d4 d6 4. h4 Nf6 5. Be2 h5 6. a4 Bg7 7. Nf3 Bg4 8. Ng5
Bxe2 9. Qxe2 e5 10. dxe5 dxe5 11. O-O O-O 12. a5 Nbd7 13. b3 Nh7 14. Rd1 Nxg5
15. Bxg5 Qc8 16. Qc4 Re8 17. Rd6 Nf8 18. a6 Ne6 19. axb7 Qxb7 20. Qxc6 Qxc6 21.
Rxc6 Nd4 22. Rc7 Nxc2 23. Raxa7 Rxa7 24. Rxa7 f6 25. Bd2 Rb8 26. Nd5 Rxb3 27.
Ne7+ Kh7 28. Nd5 Kg8 29. Ne7+ Kh7 30. Nd5 Kg8 1/2-1/2

[Event "4NCL-9899A HH-SL"]
[Site "Rd10-Birmingham"]
[Date "1999.05.02"]
[Round "10.6"]
[White "Lalic, Susan"]
[Black "Hassabis, Demis"]
[Result "1/2-1/2"]
[WhiteElo "2335"]
[BlackElo "2176"]
[PlyCount "49"]
[EventDate "1999.05.02"]

1. e4 c5 2. Nc3 Nc6 3. Bb5 Nd4 4. Bc4 d6 5. Nce2 Nf6 6. c3 Nc6 7. Ng3 e6 8. Bb5
Bd7 9. Nf3 d5 10. exd5 Nxd5 11. O-O Be7 12. d4 cxd4 13. Nxd4 Nxd4 14. Bxd7+
Qxd7 15. Qxd4 Nf6 16. Qxd7+ Nxd7 17. Rd1 Nb6 18. b3 O-O 19. c4 Rad8 20. Be3 Nc8
21. Bf4 Rxd1+ 22. Rxd1 Rd8 23. Rxd8+ Bxd8 24. Ne4 Be7 25. Be3 1/2-1/2

[Event "4NCL-9899A HH-SL"]
[Site "Rd10-Birmingham"]
[Date "1999.05.02"]
[Round "10.7"]
[White "Chan, Nevil"]
[Black "Smith, Andrew P"]
[Result "1/2-1/2"]
[WhiteElo "2000"]
[BlackElo "2274"]
[PlyCount "91"]
[EventDate "1999.05.02"]

1. d4 d6 2. Nc3 Nd7 3. Nf3 e5 4. e4 c6 5. a4 h6 6. Be2 Qf6 7. O-O Ne7 8. Be3
Ng6 9. g3 Be7 10. Ne1 Ndf8 11. f4 exf4 12. Ng2 Ne6 13. d5 Ng5 14. gxf4 Nh3+ 15.
Kh1 Nh4 16. Bd4 Qg6 17. Nxh4 Bxh4 18. Bh5 Qh7 19. Bg4 c5 20. Be3 Bf6 21. Bxc8
Rxc8 22. Qg4 O-O 23. Qxh3 Bxc3 24. bxc3 Qxe4+ 25. Qf3 Qxc2 26. Rfc1 Qd3 27. Rd1
Qxc3 28. Rac1 Qa3 29. Ra1 Qc3 30. Qf2 Rfe8 31. Bd2 Qd3 32. Be1 Qc4 33. Rac1
Qxa4 34. Bc3 Qe4+ 35. Kg1 Qe3 36. Re1 Qxf2+ 37. Kxf2 Kf8 38. Rxe8+ Rxe8 39. Re1
Rxe1 40. Kxe1 g6 41. Bf6 Ke8 42. Kd2 Kd7 43. Kc3 b5 44. h4 a5 45. Kb3 Kc7 46.
Be7 1/2-1/2

[Event "4NCL-9899A HH-SL"]
[Site "Rd10-Birmingham"]
[Date "1999.05.02"]
[Round "10.8"]
[White "Tucker, Alex"]
[Black "Chevannes, Sabrina"]
[Result "1/2-1/2"]
[WhiteElo "2215"]
[BlackElo "1304"]
[PlyCount "51"]
[EventDate "1999.05.02"]

1. d4 Nf6 2. c4 c6 3. Nf3 d5 4. e3 Bf5 5. Bd3 Bxd3 6. Qxd3 e6 7. O-O Nbd7 8.
Nc3 Be7 9. Rd1 O-O 10. b3 Rc8 11. Bb2 h6 12. e4 dxe4 13. Nxe4 Nxe4 14. Qxe4 Nf6
15. Qe2 Qc7 16. Bc3 Rfe8 17. Re1 Rcd8 18. Rad1 Rc8 19. Qb2 Qf4 20. Qe2 Qc7 21.
h3 Rcd8 22. Ne5 Nd7 23. Nxd7 Rxd7 24. Rd3 Bf6 25. Red1 Red8 26. Qe4 1/2-1/2

[Event "4NCL-9899A IK-RIC"]
[Site "Rd10-Birmingham"]
[Date "1999.05.02"]
[Round "10.1"]
[White "McDonald, Neil"]
[Black "Williams, Simon"]
[Result "0-1"]
[WhiteElo "2454"]
[BlackElo "2371"]
[PlyCount "72"]
[EventDate "1999.05.02"]

1. d4 e6 2. Nf3 f5 3. d5 Bd6 4. Nc3 Nf6 5. g3 O-O 6. Bg2 c6 7. dxe6 dxe6 8. O-O
e5 9. e4 Na6 10. Qe2 Nc5 11. exf5 Bxf5 12. Ng5 Kh8 13. Nce4 Ncxe4 14. Nxe4 Bxe4
15. Bxe4 Bc5 16. Bg5 Qb6 17. Bxf6 Rxf6 18. Kg2 Raf8 19. f3 Qxb2 20. Rab1 Qxa2
21. Rxb7 a5 22. Rd1 Bd4 23. f4 Qe6 24. f5 Qc8 25. Rdb1 a4 26. c3 Bxc3 27. Ra7
Bd4 28. Rxa4 g6 29. g4 gxf5 30. Bxf5 Rxf5 31. gxf5 Qxf5 32. Rf1 Qg6+ 33. Kh3
Qh6+ 34. Kg2 Qg6+ 35. Kh3 Rg8 36. Kh4 Qg5+ 0-1

[Event "4NCL-9899A IK-RIC"]
[Site "Rd10-Birmingham"]
[Date "1999.05.02"]
[Round "10.2"]
[White "Quinn, Mark"]
[Black "Gormally, Danny"]
[Result "1/2-1/2"]
[WhiteElo "2346"]
[BlackElo "2465"]
[PlyCount "114"]
[EventDate "1999.05.02"]

1. c4 e5 2. g3 Nf6 3. Bg2 d5 4. cxd5 Nxd5 5. Nc3 Nb6 6. Nf3 Nc6 7. O-O Be7 8.
d3 O-O 9. a3 Be6 10. b4 a5 11. b5 Nd4 12. Nd2 a4 13. Bxb7 Ra5 14. Rb1 Qe8 15.
e3 Nxb5 16. Nxb5 Rxb5 17. Rxb5 Qxb5 18. Qc2 c5 19. Qb2 Qxb2 20. Bxb2 c4 21. Ba6
cxd3 22. Bxe5 Bxa3 23. Bxd3 Rd8 24. Bd4 Bb2 25. Bxb2 Rxd3 26. Ne4 Bd5 27. Nc5
Rd2 28. Bc3 Rc2 29. Bd4 h6 30. Nd3 Be4 31. Nb4 Rc4 32. Na2 Nd5 33. f3 Bc2 34.
Rc1 a3 35. Ra1 Bg6 36. Rc1 Rxc1+ 37. Nxc1 Nb4 38. e4 Nc2 39. Bc3 f5 40. exf5
Bf7 41. Kf2 a2 42. Nxa2 Bxa2 43. g4 Na3 44. h4 Bb1 45. h5 Kf7 46. Kg3 Nc4 47.
Kf4 Nb6 48. Bd4 Nd5+ 49. Kg3 Nf6 50. Kh4 Bc2 51. Kg3 Bd1 52. Bb2 Nh7 53. f4 Nf6
54. g5 Nxh5+ 55. Kh4 Nxf4 56. gxh6 gxh6 57. Bc1 Kf6 1/2-1/2

[Event "4NCL-9899A IK-RIC"]
[Site "Rd10-Birmingham"]
[Date "1999.05.02"]
[Round "10.3"]
[White "Ledger, Andrew"]
[Black "Bates, Richard"]
[Result "1/2-1/2"]
[WhiteElo "2459"]
[BlackElo "2373"]
[PlyCount "43"]
[EventDate "1999.05.02"]

1. e4 e6 2. d4 c5 3. d5 exd5 4. exd5 d6 5. Nc3 Nf6 6. Nf3 Be7 7. Be2 O-O 8. O-O
Na6 9. Re1 Nc7 10. a4 b6 11. Rb1 Bb7 12. Bc4 Rb8 13. Bf4 Re8 14. h3 h6 15. Qd2
Bf8 16. Re3 a6 17. b4 b5 18. Rxe8 Nfxe8 19. axb5 axb5 20. Be2 cxb4 21. Rxb4 Nf6
22. Nxb5 1/2-1/2

[Event "4NCL-9899A IK-RIC"]
[Site "Rd10-Birmingham"]
[Date "1999.05.02"]
[Round "10.4"]
[White "Wall, Gavin"]
[Black "Dickenson, Neil"]
[Result "1/2-1/2"]
[WhiteElo "2369"]
[BlackElo "2315"]
[PlyCount "65"]
[EventDate "1999.05.02"]

1. e4 e6 2. d4 d5 3. e5 c5 4. c3 Nc6 5. Nf3 Bd7 6. dxc5 Bxc5 7. b4 Bb6 8. Bd3
Qc7 9. Bf4 a5 10. b5 Nce7 11. a4 Ng6 12. Bxg6 fxg6 13. Qd3 Ne7 14. Bg5 Rc8 15.
Ra3 Nf5 16. g4 Nh6 17. h3 O-O 18. O-O Qc4 19. Qxc4 Rxc4 20. Nbd2 Bc5 21. Rfa1
Bxa3 22. Rxa3 Rc7 23. Be3 Rfc8 24. Nb1 Nf7 25. Kf1 Rc4 26. Ke1 Re4 27. Nbd2
Nxe5 28. Nxe5 Rxe5 29. Nf3 Re4 30. Nd2 Rxe3+ 31. fxe3 Kf7 32. c4 Kf6 33. Rd3
1/2-1/2

[Event "4NCL-9899A IK-RIC"]
[Site "Rd10-Birmingham"]
[Date "1999.05.02"]
[Round "10.5"]
[White "Farndon, David"]
[Black "Trifunovic, Aleks"]
[Result "1/2-1/2"]
[WhiteElo "2263"]
[BlackElo "2260"]
[PlyCount "84"]
[EventDate "1999.05.02"]

1. Nf3 Nf6 2. c4 g6 3. g3 Bg7 4. Bg2 O-O 5. O-O d6 6. Nc3 e5 7. d3 Nc6 8. Rb1
a5 9. a3 Nd4 10. b4 axb4 11. axb4 c6 12. b5 Bg4 13. bxc6 bxc6 14. Bg5 Bxf3 15.
exf3 Ne6 16. Be3 Nd7 17. Ne2 Ndc5 18. f4 Qc7 19. Qc2 Ra3 20. Rfd1 exf4 21. gxf4
Rfa8 22. Rd2 Ra1 23. d4 Rxb1+ 24. Qxb1 Rb8 25. Rb2 Rxb2 26. Qxb2 Nd7 27. Qa3 c5
28. Qa8+ Qb8 29. Qxb8+ Nxb8 30. d5 Nd4 31. Nc3 Nf3+ 32. Bxf3 Bxc3 33. Bg4 f5
34. Bd1 Nd7 35. Kf1 Kf7 36. Ke2 Ke7 37. Kd3 Bg7 38. h3 Nf6 39. Bf3 Kd7 40. Bd2
Bh6 41. Bc3 Ke7 42. Bd2 Kd7 1/2-1/2

[Event "4NCL-9899A IK-RIC"]
[Site "Rd10-Birmingham"]
[Date "1999.05.02"]
[Round "10.6"]
[White "Webb, Laurence"]
[Black "Griffiths, Paul V"]
[Result "0-1"]
[WhiteElo "2216"]
[BlackElo "2200"]
[PlyCount "114"]
[EventDate "1999.05.02"]

1. e4 e5 2. Nf3 Nc6 3. d4 exd4 4. Nxd4 Nf6 5. Nxc6 bxc6 6. Bd3 d5 7. e5 Nd7 8.
O-O Nc5 9. f4 Nxd3 10. Qxd3 a5 11. Re1 Qh4 12. g3 Bc5+ 13. Be3 Bxe3+ 14. Rxe3
Qg4 15. Nd2 O-O 16. Nb3 Rb8 17. Nxa5 Rxb2 18. Nxc6 d4 19. Qxd4 Rxc2 20. Qe4 Rb2
21. Ne7+ Kh8 22. Nxc8 Rxc8 23. Qd4 Rc2 24. Qd3 Rb2 25. Rd1 h6 26. Rd2 Rcb8 27.
Qe2 Rb1+ 28. Kg2 Qe6 29. Red3 Kh7 30. Qe4+ g6 31. Qd5 Qf5 32. Rb3 R8xb3 33.
axb3 Kg7 34. h3 Rc1 35. Qd3 Qc8 36. Qd4 Qb7+ 37. Qd5 Qb6 38. Qd4 c5 39. Qd5 c4
40. bxc4 Qg1+ 41. Kf3 Rf1+ 42. Ke2 Qf2+ 43. Kd3 Qxg3+ 44. Kd4 Qa3 45. Qe4 Rc1
46. Qd3 Qa1+ 47. Kd5 Qa8+ 48. Kc5 Ra1 49. Qd6 Qa7+ 50. Kd5 Ra6 51. Qd8 Qb7+ 52.
Kd4 Qf3 53. Qd5 Qxf4+ 54. Kc5 Ra5+ 55. Kc6 Rxd5 56. Rxd5 Qxc4+ 57. Kd6 Qb4+ 0-1

[Event "4NCL-9899A IK-RIC"]
[Site "Rd10-Birmingham"]
[Date "1999.05.02"]
[Round "10.7"]
[White "Bibby, Simon"]
[Black "Allicock, Rawle"]
[Result "1/2-1/2"]
[WhiteElo "2210"]
[BlackElo "2232"]
[PlyCount "100"]
[EventDate "1999.05.02"]

1. e4 e5 2. Nc3 Nf6 3. Bc4 Nxe4 4. Qh5 Nd6 5. Bb3 Be7 6. Qxe5 O-O 7. Nf3 Bf6 8.
Qf4 Re8+ 9. Kd1 Na6 10. d3 Nc5 11. Nd5 Be7 12. Be3 Ne6 13. Qg4 c6 14. Nxe7+
Qxe7 15. Re1 Qf6 16. c3 Qf5 17. Qxf5 Nxf5 18. Bd2 d5 19. d4 f6 20. Bc2 Nd6 21.
Bd3 Bd7 22. Be3 Nf8 23. h3 Bf5 24. Bxf5 Nxf5 25. Bf4 Ng6 26. Bd2 Nd6 27. Kc2
Ne4 28. Be3 Re7 29. Nd2 Nh4 30. Nxe4 Rxe4 31. g3 Nf3 32. Rh1 g5 33. Kd3 f5 34.
Ke2 g4 35. hxg4 fxg4 36. Rh5 Rae8 37. Kd3 R8e7 38. Rah1 R4e6 39. Rf5 Kg7 40. b3
b5 41. Rfh5 Kg8 42. Rh6 Ne1+ 43. Ke2 Nf3 44. Kd1 a5 45. a3 Kh8 46. a4 Kg8 47.
Rxe6 Rxe6 48. Ke2 bxa4 49. bxa4 Kg7 50. Rb1 h5 1/2-1/2

[Event "4NCL-9899A IK-RIC"]
[Site "Rd10-Birmingham"]
[Date "1999.05.02"]
[Round "10.8"]
[White "Bates, Ruth"]
[Black "Richards, Heather"]
[Result "0-1"]
[WhiteElo "2015"]
[BlackElo "2085"]
[PlyCount "118"]
[EventDate "1999.05.02"]

1. d4 e6 2. Nf3 Nf6 3. Bg5 Be7 4. c3 c5 5. e3 b6 6. Nbd2 Bb7 7. Bd3 O-O 8. O-O
Nc6 9. h3 cxd4 10. exd4 Nd5 11. Bxe7 Ncxe7 12. Ne4 d6 13. Re1 Nf4 14. Bf1 Neg6
15. g3 Nd5 16. Bg2 Nf6 17. Nxf6+ Qxf6 18. Nd2 d5 19. Nf3 Qd8 20. Ne5 Ne7 21. g4
Re8 22. f4 Qd6 23. Qe2 Ng6 24. Nxg6 hxg6 25. Qe5 Qxe5 {(Draw offer)} 26. Rxe5
Rac8 27. Rae1 Kf8 28. Kf2 Ba6 29. f5 gxf5 30. gxf5 exf5 31. Rxe8+ Rxe8 32.
Rxe8+ Kxe8 33. Bxd5 Ke7 34. h4 g6 35. Kf3 Bc8 36. a3 Be6 37. Bb7 Kd6 38. Kf4 f6
39. b4 Bd5 40. Ba6 Bc6 41. b5 Bd5 42. a4 Kc7 43. Ke3 Bc4 44. Kf4 Bb3 45. Ke3
Bxa4 46. c4 Bb3 47. c5 Bd5 48. Kf4 {(Draw offer)} Bf7 49. c6 Be6 50. Bb7 Bf7
51. Ba6 Bc4 52. Ke3 g5 53. h5 f4+ 54. Kf2 g4 55. h6 g3+ 56. Kf3 Bd5+ 57. Kxf4
g2 58. h7 g1=Q 59. h8=Q Qg5# 0-1

[Event "4NCL-9899A NWE-BIG"]
[Site "Rd10-Birmingham"]
[Date "1999.05.02"]
[Round "10.2"]
[White "Parker, Jonathan"]
[Black "Quillan, Gary"]
[Result "0-1"]
[WhiteElo "2522"]
[BlackElo "2335"]
[PlyCount "120"]
[EventDate "1999.05.02"]

1. d4 e6 2. c4 Nf6 3. Nc3 c5 4. d5 exd5 5. cxd5 d6 6. g3 g6 7. Bg2 Bg7 8. Nf3
O-O 9. O-O Re8 10. Bf4 Nh5 11. Bg5 Qa5 12. Qd2 b5 13. Bh6 Bh8 14. Ne4 Qc7 15.
Neg5 Qe7 16. e4 Nd7 17. Rfe1 Ne5 18. Nxe5 Qxe5 19. Rab1 Rb8 20. Nf3 Qe7 21. b4
c4 22. Nd4 Bd7 23. Be3 Rbc8 24. Rbc1 Nf6 25. f3 Rc7 26. a4 a6 27. a5 Rec8 28.
Ne2 c3 29. Nxc3 Ng4 30. Bd4 Bxd4+ 31. Qxd4 Qe5 32. Qxe5 Nxe5 33. Na2 Rc2 34.
Rxc2 Rxc2 35. Nc1 Bh3 36. Bh1 f6 37. f4 Ng4 38. Ne2 Rb2 39. Bf3 Rxb4 40. Rc1
Ra4 41. Nc3 Rxa5 42. e5 fxe5 43. Ne4 h5 44. Ng5 Ra3 45. Be2 exf4 46. Nxh3 fxg3
47. Bxg4 hxg4 48. Nf4 b4 49. Rc7 Ra2 50. hxg3 b3 51. Nd3 a5 52. Rc8+ Kg7 53.
Rc7+ Kh6 54. Rb7 a4 55. Kf1 Rd2 56. Nf2 b2 57. Nxg4+ Kg5 58. Ne3 a3 59. Nc4
Rd1+ 60. Ke2 a2 0-1

[Event "4NCL-9899A NWE-BIG"]
[Site "Rd10-Birmingham"]
[Date "1999.05.02"]
[Round "10.3"]
[White "Smith, Alan A"]
[Black "Cooper, Lawrence"]
[Result "1/2-1/2"]
[WhiteElo "2240"]
[BlackElo "2325"]
[PlyCount "41"]
[EventDate "1999.05.02"]

1. b3 b6 2. Bb2 Bb7 3. e3 e6 4. c4 Nf6 5. Nc3 d5 6. Nf3 Be7 7. cxd5 exd5 8. Rc1
O-O 9. Bd3 c5 10. O-O Nc6 11. Bb1 d4 12. Ne2 dxe3 13. fxe3 Nd7 14. Ng3 g6 15.
Ne4 Ba6 16. Rf2 f5 17. b4 c4 18. b5 Bxb5 19. Nc3 Ba6 20. Qa4 Na5 21. Nd5
1/2-1/2

[Event "4NCL-9899A NWE-BIG"]
[Site "Rd10-Birmingham"]
[Date "1999.05.02"]
[Round "10.4"]
[White "Baker, Chris W"]
[Black "Sheldon, Ruth"]
[Result "0-1"]
[WhiteElo "2390"]
[BlackElo "2265"]
[PlyCount "84"]
[EventDate "1999.05.02"]

1. d4 Nf6 2. g3 g6 3. Bg2 d5 4. c4 c6 5. cxd5 cxd5 6. Nc3 Bg7 7. Nf3 O-O 8. O-O
Nc6 9. Ne5 Bf5 10. Be3 Rc8 11. h3 Ne4 12. Nxe4 Bxe4 13. f3 Bf5 14. g4 Bc2 15.
Nxc6 Rxc6 16. Qd2 Qc7 17. Rac1 Rc8 18. Rfe1 e6 19. Bf2 Qb6 20. b3 Bf8 21. Qf4
Ba3 22. h4 Qc7 23. Qh6 f6 24. h5 Bxc1 25. Rxc1 Qg7 26. Qe3 gxh5 27. Rxc2 Rxc2
28. Qxe6+ Qf7 29. Qf5 Rc1+ 30. Kh2 hxg4 31. fxg4 Rd8 32. Bh4 Rc6 33. g5 Qe6 34.
Qf3 Qd6+ 35. Bg3 Qe7 36. Qg4 fxg5 37. Bf4 Rh6+ 38. Kg3 Rg6 39. Be5 Qe6 40. Qh5
Qf5 41. e4 dxe4 42. Qe2 Rxd4 0-1

[Event "4NCL-9899A NWE-BIG"]
[Site "Rd10-Birmingham"]
[Date "1999.05.02"]
[Round "10.5"]
[White "Lund, Brett"]
[Black "Barnes, Michael"]
[Result "1/2-1/2"]
[WhiteElo "2295"]
[BlackElo "2245"]
[PlyCount "94"]
[EventDate "1999.05.02"]

1. g3 g6 2. Bg2 Bg7 3. c4 e5 4. Nc3 Ne7 5. e4 d6 6. Nge2 O-O 7. O-O Be6 8. d3
Qd7 9. Be3 Nbc6 10. Nd5 Nd4 11. Nxe7+ Qxe7 12. Nxd4 exd4 13. Bd2 c6 14. a4 Qd7
15. b4 f5 16. exf5 Bxf5 17. Qb3 Rae8 18. Rae1 Bh3 19. Bxh3 Qxh3 20. Qd1 Re5 21.
f4 Rxe1 22. Rxe1 Bf6 23. Qe2 Kg7 24. Qe6 Qxe6 25. Rxe6 d5 26. cxd5 cxd5 27. Rd6
Rd8 28. Rxd8 Bxd8 29. b5 a6 30. bxa6 bxa6 31. Kf2 Kf6 32. Kf3 h5 33. Bb4 Kf5
34. Bc5 Bf6 35. h3 Bg7 36. Ba7 Bf6 37. g4+ hxg4+ 38. hxg4+ Ke6 39. Ke2 Bg7 {
(Draw offer)} 40. Bb8 Bf8 41. Be5 Bc5 42. Bh8 Bb6 43. Bg7 Bc7 44. Kf3 Bb6 45.
Bh6 Ba5 46. Bg5 Bb4 47. Bd8 Bc5 1/2-1/2

[Event "4NCL-9899A NWE-BIG"]
[Site "Rd10-Birmingham"]
[Date "1999.05.02"]
[Round "10.6"]
[White "Mason, Don"]
[Black "Kennaugh, Charles"]
[Result "0-1"]
[WhiteElo "2295"]
[BlackElo "2283"]
[PlyCount "50"]
[EventDate "1999.05.02"]

1. e4 e5 2. f4 exf4 3. Nf3 g5 4. d4 Bg7 5. Nc3 d6 6. g3 Nc6 7. d5 Ne5 8. gxf4
gxf4 9. Bxf4 Bg4 10. Bb5+ Kf8 11. Bxe5 Bxe5 12. O-O Nf6 13. Qd2 Rg8 14. Qh6+
Ke7 15. Kh1 Rg6 16. Qh4 Bxf3+ 17. Rxf3 Qg8 18. Raf1 Rg4 19. Qf2 Qg6 20. Rf5 Rg8
21. Rxe5+ dxe5 22. Qc5+ Kd8 23. d6 cxd6 24. Rd1 Nxe4 25. Qxa7 Nxc3 0-1

[Event "4NCL-9899A NWE-BIG"]
[Site "Rd10-Birmingham"]
[Date "1999.05.02"]
[Round "10.7"]
[White "James, Dale"]
[Black "Thomas, Nick"]
[Result "1/2-1/2"]
[WhiteElo "2225"]
[BlackElo "2225"]
[PlyCount "48"]
[EventDate "1999.05.02"]

1. e4 e6 2. Nf3 d5 3. e5 Bd7 4. c4 dxc4 5. Bxc4 Bc6 6. d3 Nd7 7. O-O Nb6 8. Bb3
Qd7 9. Be3 Ne7 10. Nd4 Bd5 11. Nc3 Bxb3 12. Nxb3 Ned5 13. Ne4 Be7 14. Qe2 Qb5
15. Bxb6 axb6 16. Nc3 Qd7 17. Nxd5 Qxd5 18. f4 O-O 19. f5 exf5 20. Rxf5 Bc5+
21. Kh1 g6 22. Rf4 Rfe8 23. Nxc5 bxc5 24. Re4 Ra6 1/2-1/2

[Event "4NCL-9899A NWE-BIG"]
[Site "Rd10-Birmingham"]
[Date "1999.05.02"]
[Round "10.8"]
[White "Regan, Natasha"]
[Black "Tebb, David"]
[Result "1/2-1/2"]
[WhiteElo "2151"]
[BlackElo "2256"]
[PlyCount "96"]
[EventDate "1999.05.02"]

1. e4 e5 2. f4 Nc6 3. Bc4 Nf6 4. Nc3 Nxe4 5. Nf3 Nd6 6. Bb3 e4 7. Ng5 Nd4 8.
O-O Nxb3 9. axb3 Be7 10. d3 exd3 11. Qxd3 h6 12. Nh3 O-O 13. f5 Ne8 14. Qg3 Kh7
15. Nd5 Bc5+ 16. Kh1 c6 17. Bg5 f6 18. Be3 Bxe3 19. Nxe3 d5 20. Nf4 Nd6 21.
Qg6+ Kh8 22. Rae1 d4 23. Nh5 Qc7 24. Nc4 Nxf5 25. Rxf5 Bxf5 26. Qxf5 Rae8 27.
Rf1 b5 28. Nd2 Re5 29. Qg4 Rg5 30. Qf3 Re8 31. Ng3 Rge5 32. Nf5 Re2 33. Qd3 c5
34. Qxb5 a6 35. Qd3 Re1 36. Kg1 Qf4 37. Ng3 R8e3 38. Qxa6 Rxf1+ 39. Ndxf1 Re1
40. Qc8+ Kh7 41. Qf5+ Qxf5 42. Nxf5 Re2 43. b4 Rxc2 44. bxc5 d3 45. N5e3 Rxb2
46. Nc4 Rb5 47. Nfd2 Rxc5 48. Kf2 Kg6 1/2-1/2

[Event "4NCL-9899A BIG-BAR1"]
[Site "Rd11-Birmingham"]
[Date "1999.05.03"]
[Round "11.2"]
[White "Pert, Nicholas"]
[Black "Parker, Jonathan"]
[Result "0-1"]
[WhiteElo "2443"]
[BlackElo "2522"]
[PlyCount "156"]
[EventDate "1999.05.03"]

1. d4 Nf6 2. c4 e6 3. Nc3 Bb4 4. Qc2 d5 5. cxd5 Qxd5 6. a3 Bxc3+ 7. bxc3 c5 8.
e3 O-O 9. Nf3 b6 10. c4 Qc6 11. Bd3 Bb7 12. e4 cxd4 13. e5 Nfd7 14. Bxh7+ Kh8
15. h4 Qc5 16. Be4 d3 17. Qxd3 Nxe5 18. Qe2 Bxe4 19. Qxe4 Nbd7 20. O-O Qxc4 21.
Qe3 Nxf3+ 22. Qxf3 Qxh4 23. Bb2 Nf6 24. Rfe1 Qg4 25. Qb7 Nd5 26. Be5 f6 27. Bg3
Rfe8 28. a4 a5 29. Qc6 Rac8 30. Qd7 Rcd8 31. Qc6 e5 32. Rad1 Qe6 33. Qc2 Kg8
34. Qg6 Ne7 35. Qb1 Nf5 36. Bh2 Nd4 37. Kh1 Qc6 38. Rd2 Ne6 39. Rb2 Qxa4 40.
Rxb6 Qc4 41. Rb7 Rd3 42. Ra7 Qd5 43. Qb6 Rd1 44. Rxd1 Qxd1+ 45. Bg1 Qh5+ 46.
Bh2 Qd1+ 47. Bg1 Kh7 48. Qb7 Qh5+ 49. Bh2 Qd1+ 50. Bg1 Qh5+ 51. Bh2 Rd8 52.
Qb1+ Qg6 53. Qxg6+ Kxg6 54. g4 Rd4 55. Rxa5 Rxg4 56. Bg3 Rc4 57. Kg2 Kf5 58.
Ra3 g5 59. Rf3+ Kg6 60. Ra3 Rc2 61. Ra6 Kf5 62. Ra3 Nc5 63. Rf3+ Ke6 64. Re3
Rb2 65. Rc3 Ne4 66. Rc6+ Kf5 67. Rc4 Nxg3 68. Kxg3 e4 69. Rc5+ Kg6 70. Rc3 f5
71. Kg2 f4 72. Kg1 Kf5 73. Ra3 Kg4 74. Ra4 Kh3 75. Kf1 f3 76. Ke1 e3 77. fxe3
g4 78. Rf4 Kg3 0-1

[Event "4NCL-9899A BIG-BAR1"]
[Site "Rd11-Birmingham"]
[Date "1999.05.03"]
[Round "11.4"]
[White "Lehtivaara, Petri"]
[Black "Baker, Chris W"]
[Result "1/2-1/2"]
[WhiteElo "2359"]
[BlackElo "2390"]
[PlyCount "97"]
[EventDate "1999.05.03"]

1. d4 Nf6 2. c4 e6 3. Nf3 Bb4+ 4. Bd2 Qe7 5. g3 Bxd2+ 6. Qxd2 d5 7. Bg2 O-O 8.
O-O dxc4 9. Na3 Rd8 10. Rfd1 c5 11. Qc2 Na6 12. dxc5 Bd7 13. Ne5 Nxc5 14. Naxc4
Bb5 15. Rac1 Qc7 16. b3 Bxc4 17. Nxc4 Rac8 18. Rxd8+ Rxd8 19. Ne3 Rc8 20. b4
Na6 21. Qxc7 Rxc7 22. Rxc7 Nxc7 23. Bxb7 Nb5 24. Kf1 Nc3 25. a3 Kf8 26. Nc4 Ke7
27. Ke1 g5 28. Kd2 Nb5 29. a4 Nd6 30. Nxd6 Kxd6 31. h3 Nd7 32. Kc3 f5 33. a5 h5
34. h4 gxh4 35. gxh4 Ne5 36. Bf3 Ng6 37. Bxh5 Nxh4 38. Kc4 Ng2 39. b5 Nf4 40.
Bf3 Kc7 41. Kc5 e5 42. b6+ axb6+ 43. axb6+ Kb8 44. Kd6 e4 45. e3 Nd3 46. Be2 f4
47. exf4 Nxf4 48. Bf1 Kb7 49. Ke5 1/2-1/2

[Event "4NCL-9899A BIG-BAR1"]
[Site "Rd11-Birmingham"]
[Date "1999.05.03"]
[Round "11.5"]
[White "Cooper, Lawrence"]
[Black "Rogers, Jonathan"]
[Result "1/2-1/2"]
[WhiteElo "2325"]
[BlackElo "2358"]
[PlyCount "35"]
[EventDate "1999.05.03"]

1. c4 b6 2. Nf3 Bb7 3. d4 e6 4. g3 Bxf3 5. exf3 d5 6. Nc3 dxc4 7. Bxc4 c6 8. d5
exd5 9. Nxd5 Ne7 10. Nf6+ gxf6 11. Bxf7+ Kxf7 12. Qxd8 Nd5 13. O-O Bg7 14. Qd6
Bf8 15. Qd8 Bg7 16. Qd6 Bf8 17. Qd8 Bg7 18. Qd6 1/2-1/2

[Event "4NCL-9899A BIG-BAR1"]
[Site "Rd11-Birmingham"]
[Date "1999.05.03"]
[Round "11.6"]
[White "Williamson, Paul"]
[Black "Mason, Don"]
[Result "0-1"]
[WhiteElo "2170"]
[BlackElo "2295"]
[PlyCount "31"]
[EventDate "1999.05.03"]

1. d4 Nf6 2. c4 g6 3. Nc3 Bg7 4. e4 d6 5. f3 O-O 6. Be3 c5 7. d5 e6 8. Qd2 exd5
9. cxd5 a6 10. Bd3 Nbd7 11. Rc1 Ne5 12. Bb1 Nc4 13. Qf2 Nxe3 14. Qxe3 Re8 15.
Nge2 b5 16. O-O 0-1

[Event "4NCL-9899A BIG-BAR1"]
[Site "Rd11-Birmingham"]
[Date "1999.05.03"]
[Round "11.7"]
[White "Barnes, Michael"]
[Black "Lauterbach, Ingrid"]
[Result "1/2-1/2"]
[WhiteElo "2245"]
[BlackElo "2171"]
[PlyCount "33"]
[EventDate "1999.05.03"]

1. e4 d6 2. d4 Nf6 3. Nc3 g6 4. Be3 c6 5. Nf3 Qa5 6. Qd2 Nbd7 7. Bd3 Bg7 8. O-O
O-O 9. Nd5 Qd8 10. Nxf6+ Bxf6 11. Bh6 Re8 12. c3 e5 13. Rfe1 Bg7 14. h3 Nf8 15.
Rad1 Bxh6 16. Qxh6 Qf6 17. dxe5 1/2-1/2

[Event "4NCL-9899A BIG-BAR1"]
[Site "Rd11-Birmingham"]
[Date "1999.05.03"]
[Round "11.8"]
[White "D'Costa, Lorin"]
[Black "Regan, Natasha"]
[Result "0-1"]
[WhiteElo "1972"]
[BlackElo "2151"]
[PlyCount "65"]
[EventDate "1999.05.03"]

1. e4 Nf6 2. e5 Nd5 3. d4 d6 4. Bc4 c6 5. exd6 Qxd6 6. Nf3 Bf5 7. O-O Nd7 8.
Nbd2 g5 9. Bb3 Qg6 10. Nc4 h6 11. Nfe5 Qh7 12. Nxd7 Bxd7 13. Qe1 Be6 14. Ne5
Bg7 15. c4 Nb6 16. d5 cxd5 17. cxd5 Bxd5 18. Bxd5 Nxd5 19. Qa5 Nb6 20. Qb5+ Kf8
21. Re1 Rd8 22. Be3 Rd5 23. Nd7+ Kg8 24. Nc5 Qf5 25. Qb4 Kh7 26. a4 Rb8 27. a5
Nc8 28. Rac1 b6 29. Na6 Rb7 30. axb6 Nxb6 31. Rc5 Rbd7 32. Qa3 Rd1 33. Qa5 {
... no further moves recorded - time} 0-1

[Event "4NCL-9899A BR-NWE"]
[Site "Rd11-Birmingham"]
[Date "1999.05.03"]
[Round "11.1"]
[White "Ansell, Simon"]
[Black "Littlewood, John"]
[Result "1/2-1/2"]
[WhiteElo "2400"]
[BlackElo "2295"]
[PlyCount "69"]
[EventDate "1999.05.03"]

1. e4 e5 2. Nf3 Nc6 3. Nc3 d6 4. g3 f5 5. d3 Nf6 6. Bg2 Be7 7. O-O O-O 8. h3
fxe4 9. dxe4 Kh8 10. Be3 Be6 11. Qd3 Qe8 12. Ng5 Bg8 13. Nd5 h6 14. Nxc7 Qd7
15. Nxa8 hxg5 16. Bxg5 Rxa8 17. c3 Bh7 18. h4 Rf8 19. b4 Qg4 20. Rfe1 Nd8 21.
Qe2 Qc8 22. Rac1 Nf7 23. Bd2 Bd8 24. a4 d5 25. exd5 e4 26. Bg5 Ng4 27. Bxd8
Nfe5 28. Rf1 Nf3+ 29. Bxf3 Rxf3 30. Bg5 Ne5 31. Rfd1 e3 32. Bxe3 Qh3 33. Bf4
Rxf4 34. Qxe5 Be4 35. Qe8+ 1/2-1/2